000 00759nam a2200205Ia 4500
003 GCL
008 140319s9999 xx 000 0 ara d
040 _aGCL /
_cGCL
082 0 4 _a301.32
_bو م \\=aوزارة السكانv
245 1 0 _aمصر الامن والامان اراء المشاركين فى المؤتمر الدولى للسكان والتنمية 5 - 13 سبتمبر 1994
300 _a56 ص
490 _aالهيئة العامة للاستعلامات
_v0
650 0 4 _aالسكان
650 0 4 _aالسكان - علم
650 0 4 _aالانفجار السكانى
650 0 4 _aتعداد السكان
650 0 4 _aالاحصائيات الحيوية
650 0 4 _aسجلات المواليد والوفيات
942 _2ddc
_cBK
999 _c52204
_d52204